[Event "Gyor Amateur op 22nd"]
[Site "Gyor"]
[Date "2023.03.05"]
[Round "7"]
[White "Li, Geng Hui"]
[Black "Ferenczy, Nora"]
[Result "1/2-1/2"]
[WhiteElo "1152"]
[BlackElo "1476"]
[PlyCount "124"]
[EventDate "2023.03.04"]
[EventType "swiss"]
[EventRounds "7"]
[EventCountry "HUN"]
[SourceTitle "EXT 2024"]
[Source "ChessBase"]
[SourceDate "2023.10.10"]
[SourceVersion "1"]
[SourceVersionDate "2023.10.10"]
[SourceQuality "1"]

1. d4 d5 2. c4 c6 3. Bf4 Nf6 4. Nc3 Bf5 5. Nf3 e6 6. Nh4 Bg6 7. e3 Nh5 8. Nxg6 hxg6 9. Bxb8 Rxb8 10. cxd5 exd5 11. Rb1 Bd6 12. g3 Nxg3 13. fxg3 Bxg3+ 14. Ke2 Qf6 15. Kd2 Rxh2+ 16. Rxh2 Bxh2 17. Qe2 Bd6 18. Bg2 Kd8 19. Rf1 Qe6 20. Qf3 f6 21. Qh3 Qe7 22. Qg4 Qf7 23. Rh1 Kc7 24. Rh7 Re8 25. Ne2 Bb4+ 26. Kd3 Qe7 27. Qg3+ Bd6 28. Qf2 g5 29. Nc3 Qf7 30. Qf5 Qe7 31. Rh3 Rg8 32. Bxd5 g6 33. Qe6 Qxe6 34. Bxe6 Rg7 35. Ne4 Be7 36. Nc5 b6 37. Nb3 f5 38. d5 Kd6 39. e4 g4 40. Rh8 cxd5 41. exd5 g3 42. Ke3 Ke5 43. Kf3 f4 44. Nc1 g5 45. Kg4 g2 46. Ne2 Bc5 47. Rh5 Kf6 48. Kf3 g1Q 49. Nxg1 Bxg1 50. Rh8 Be3 51. Ra8 Rh7 52. Rf8+ Ke7 53. Ra8 Kf6 54. Rf8+ Ke5 55. Rf5+ Kd4 56. Rxg5 Rh2 57. Rg2 Rxg2 58. Kxg2 Ke5 59. Kf3 a5 60. b3 b5 61. Bf7 b4 62. Be6 Bd4 1/2-1/2

[Event "SVK-ch U12 Girls"]
[Site "Stara Lubovna"]
[Date "2021.07.02"]
[Round "8"]
[White "Novomeska, Karin"]
[Black "Li, Geng Hui"]
[Result "1-0"]
[WhiteElo "1455"]
[BlackElo "1187"]
[PlyCount "81"]
[EventDate "2021.06.26"]
[EventType "swiss"]
[EventRounds "9"]
[EventCountry "SVK"]
[SourceTitle "CBM 203 Extra"]
[Source "ChessBase"]
[SourceDate "2021.09.30"]
[SourceVersion "1"]
[SourceVersionDate "2021.09.30"]
[SourceQuality "1"]

1. e4 e5 2. Nf3 Nc6 3. Bc4 Bc5 4. d3 Nf6 5. Nc3 d6 6. Bg5 h6 7. Bxf6 gxf6 8. Nd5 f5 9. c3 Be6 10. b4 Bb6 11. Qb3 a5 12. Nxb6 cxb6 13. Bxe6 fxe6 14. Qxe6+ Qe7 15. Qxe7+ Nxe7 16. exf5 Nxf5 17. Kd2 Kd7 18. a3 Rac8 19. Rac1 Rhg8 20. g3 Rc7 21. Rhe1 Re8 22. Re4 h5 23. bxa5 bxa5 24. Ra4 b6 25. Rb1 Rc6 26. Re4 Rec8 27. Rb3 Ke7 28. Nh4 Kf6 29. Nxf5 Kxf5 30. f4 exf4 31. Rxf4+ Kg6 32. a4 Kg5 33. c4 d5 34. Rb5 Rd6 35. Rd4 Rc5 36. Rxc5 bxc5 37. Rxd5+ Rxd5 38. cxd5 Kf6 39. Kc3 Ke5 40. Kc4 Kd6 41. h3 1-0

[Event "SVK-ch U12 Girls"]
[Site "Stara Lubovna"]
[Date "2021.06.29"]
[Round "5"]
[White "Li, Geng Hui"]
[Black "Morova, Jaroslava"]
[Result "1-0"]
[WhiteElo "1187"]
[BlackElo "1151"]
[PlyCount "93"]
[EventDate "2021.06.26"]
[EventType "swiss"]
[EventRounds "9"]
[EventCountry "SVK"]
[SourceTitle "CBM 203 Extra"]
[Source "ChessBase"]
[SourceDate "2021.09.30"]
[SourceVersion "1"]
[SourceVersionDate "2021.09.30"]
[SourceQuality "1"]

1. e4 e5 2. Nf3 Nc6 3. d4 f6 4. Bc4 d6 5. Nc3 Bg4 6. h3 Bxf3 7. gxf3 exd4 8. Ne2 Ne5 9. Bxg8 Nxf3+ 10. Kf1 Rxg8 11. Nxd4 Nxd4 12. Qxd4 Qd7 13. Qd5 Rh8 14. Qxb7 Rd8 15. c4 c6 16. Qxd7+ Rxd7 17. Be3 a6 18. Rb1 d5 19. exd5 cxd5 20. cxd5 Rxd5 21. Ke2 Bc5 22. Bxc5 Rxc5 23. Rhc1 Re5+ 24. Kf1 Kf7 25. Rc6 a5 26. Rc7+ Kg6 27. b4 Rb5 28. a4 Rb6 29. b5 Rd8 30. Ra7 Kh6 31. Rxa5 Rd5 32. Rb4 g5 33. h4 gxh4 34. Rxh4+ Kg6 35. Ra7 h5 36. Rc4 Rd8 37. Rc6 Rbb8 38. b6 Ra8 39. Rcc7 Rxa7 40. Rxa7 Rb8 41. b7 Kg5 42. a5 h4 43. a6 h3 44. Ra8 Kf4 45. Kg1 Rxa8 46. bxa8Q h2+ 47. Kxh2 1-0

[Event "SVK-ch U10 Girls"]
[Site "Liptovsky Mikulas"]
[Date "2019.04.30"]
[Round "9"]
[White "Li, Geng Hui"]
[Black "Gergely, Noemi"]
[Result "1/2-1/2"]
[WhiteElo "1000"]
[BlackElo "1000"]
[PlyCount "66"]
[EventDate "2019.04.23"]
[EventType "swiss"]
[EventRounds "9"]
[EventCountry "SVK"]
[SourceTitle "CBM 190 Extra"]
[Source "ChessBase"]
[SourceDate "2019.07.15"]
[SourceVersion "1"]
[SourceVersionDate "2019.07.15"]
[SourceQuality "1"]

1. e4 c5 2. Nf3 d6 3. Nc3 Nf6 4. d3 g6 5. g3 Bg7 6. Bg2 0-0 7. 0-0 Nc6 8. Bd2 Bg4 9. a3 Qc8 10. Nd5 Bh3 11. Nxf6+ Bxf6 12. Rc1 Bxb2 13. Rb1 Bxa3 14. Bc3 Bxg2 15. Kxg2 Nd8 16. Qe2 Ne6 17. e5 Qc7 18. Qe1 g5 19. Ba5 b6 20. Bc3 g4 21. Nh4 Qc6+ 22. Kg1 Nd4 23. Bxd4 cxd4 24. Qe2 h5 25. f3 dxe5 26. fxg4 Rfc8 27. Rf2 Rc7 28. gxh5 f6 29. Qg4+ Kf7 30. Qg6+ Ke6 31. Qg4+ Kf7 32. Qg6+ Ke6 33. Rbf1 Rf8 1/2-1/2